| 000 | 01308nam a22003497a 4500 | ||
|---|---|---|---|
| 003 | CHAP | ||
| 005 | 20220329134727.0 | ||
| 008 | 971013s1951 r 00010 d | ||
| 010 | _a24889 | ||
| 011 | _a25861 | ||
| 035 | _a29961 | ||
| 040 | _cCHAP | ||
| 082 |
_a632.951 _bB76 |
||
| 100 | 0 | 0 |
_aBrown, Anthony William Aldrige. _915619 |
| 245 | _aInsect control by chemicals | ||
| 260 |
_aNew York : _bJ. Wiley, _c1951 |
||
| 300 |
_a817 p. _b: ilus. |
||
| 590 |
_aBATCH-UPD _b10 _c20130110 _lUCH01 _h0118 |
||
| 590 |
_aBATCH-UPD _b10 _c20130110 _lUCH01 _h1630 |
||
| 590 |
_aCONVERSION _b10 _c20130109 _lUCH01 _h1314 |
||
| 650 | 1 | 4 |
_aInsecticidas. _958855 |
| 901 | _aBK | ||
| 942 | _cLIBRO | ||
| 949 |
_a632.951 B76 _bBC _cLIBRO _d-141429 _eLIBRO _fc.3 _h23221 _i29961 _si |
||
| 949 |
_a632.951 B76 _bBC _cLIBRO _d-141431 _eLIBRO _fc.4 _h23222 _i29961 _si |
||
| 949 |
_a632.951 B76 _bBC _cLIBRO _d-141434 _eLIBRO _fc.5 _h23223 _i29961 _si |
||
| 949 |
_a632.951 B76 _bBC _cLIBRO _d-141435 _eLIBRO _fc.6 _h23224 _i29961 _si |
||
| 949 |
_a632.951 B76 _bBC _cLIBRO _d-141436 _eLIBRO _fc.7 _h23225 _i29961 _si |
||
| 949 |
_a632.951 B76 _bBC _cLIBRO _d-141437 _eLIBRO _fc.8 _h51705 _i29961 _si |
||
| 949 |
_a632.951 B76 _bBC _cLIBRO _d33724000183414 _eLIBRO _h23219 _i29961 _si |
||
| 949 |
_a632.951 B76 _bBC _cLIBRO _d33724000183422 _eLIBRO _fc.2 _h23220 _i29961 _si |
||
| 999 |
_c24889 _d24889 |
||